Statistics for Pulp - Common People Lyrics Quiz

Click here to take the quiz!

General Stats

  • This quiz has been taken 176 times
  • The average score is 46 of 73

Answer Stats

HintAnswer% Correct
I want to live with ______ ______ like youCommon people
98%
I want to do whatever ______ _____ doCommon people
98%
I want to ___ like common peopleLive
98%
That's where I caught her ___Eye
94%
I took her to a __________Supermarket
94%
She had a thirst for ________Knowledge
93%
You want to ____ with common peopleSleep
93%
I want to ____ with common peopleSleep
93%
So it started ____There
93%
I said pretend you've got __ _____No money
92%
She said ____Fine
91%
And in 30 ______ ____ she saidSeconds time
91%
I dont' know why but I had to start it _______Somewhere
91%
She just laughed and said oh ____ __ _____You're so funny
90%
She told me that her ___ ___ ______Dad was loaded
88%
She came from _____Greece
88%
You will never _________Understand
87%
But she didn't _________Understand
87%
She just smiled and ___ __ ____Held my hand
83%
She studied _________ at St. Martin's CollegeSculpture
83%
I said ____Yeah
83%
I can't see anyone else _______ in hereSmiling
81%
Pretend you never ____ __ _____Went to school
81%
Watching ______ climb the wallRoaches
80%
I said in that case I'll have a ___ and coca-colaRum
80%
I want to ____ with common people ___ ___Sleep, like you
80%
Cut your hair and ___ _ ___Get a job
79%
Cut your hair and ___ _ ___Get a job
79%
Well what else could I do? I said __ __ ___ _ __ __I'll see what I can do
78%
Cause' when you're laid __ ___ __ _____In bed at night
77%
Watching _______ _____ the wallRoaches climb
74%
If you ______ ____ ___ he could stop it all (yeah)Called your dad
69%
If you ______ ____ ___ he could stop it allCalled your dad
69%
But still you'll never ___ __ ____Get it right
69%
But still you'll never ___ __ _____Get it right
69%
You want to ____ with common people ___ __Sleep, like me
69%
_____ ______ live like common peopleYou'll never
67%
______ ______ live like common peopleYou'll never
67%
______ ______ do what common people doYou'll never
67%
_____ ______ never do whatever common people doYou'll never
67%
Rent a flat ____ _ ___Above a shop
66%
Rent a flat _____ _ ___Above a shop
66%
_____ ____ ___ and play some poolSmoke some fags
66%
_____ ____ ___ and play some poolSmoke some fags
66%
You want to ___ whatever common people ___See
62%
Because there's ______ ____ to doNothing else
61%
Because there's _______ ____ to doNothing else
61%
__ __ ___ you want to live like common people?Are you sure
59%
And then _____ and _____ and _____Dance, drink, screw
49%
And _____ and _____ and ____Dance, drink, screw
49%
And the ______ ______ that you doStupid things
40%
'Cause everybody hates a _______Tourist
39%
Like a __ lying in cornerDog
38%
____ _____ with the common peopleSing along
38%
____ _____ and it might just get you throughSing along
38%
_____ _____ with the common peopleLaugh along
36%
_____ ______ watch your life slide ___ __ ____You'll never, out of view
36%
______ ______ watch your life slide ___ __ ____You'll never, out of view
36%
How it feels to live your life with no meaning or _______Control
34%
Especially one who thinks it's all ____ _ _____Such a laugh
34%
Pretend you never went __ ______To school
34%
______ ______ ____ like common peopleYou'll never fail
33%
_____ ______ ____ like common peopleYou'll never fail
33%
You are amazed that they _____Exist
32%
'Cause when you're laying in ___ __ _____Bed at night
31%
_____ _____ even though they're ________ at youLaugh along, laughing
29%
And they burn so bright whilst you can only ______ ___Wonder why
28%
Will come out in the ____Bath
26%
Because you think that ____ __ ____Poor is cool
26%
They will bite you and ______ ____ ___Never warn you
25%
Look out, they'll tear ___ ______ ___Your insides out
24%
And with _______ ____ to goNowhere left
21%
Yeah and the ___ stain's greaseChip
19%

Score Distribution

Percentile by Number Answered

Percent of People with Each Score

Your Score History

You have not taken this quiz